000 00219 a2200097 4500
001 18250
100 _aKrauskopf, K B
245 _aFundamentals of physical science
260 _a
_bMcGraw-Hill
_c
090 _c13544
_d13544
942 _aNUST-CAE
_cM
_c3941
999 _c253323
_d253323